Social selling techniques to influence buyers and changemakers

Na minha lista:
Detalhes bibliográficos
Autor principal: Hughes, Tim
Outros Autores: Reynolds, Matt
Formato: Livro
Idioma:inglês
Publicado em: London Kogan Page 2016
Assuntos:
Tags: Adicionar Tag
Sem tags, seja o primeiro a adicionar uma tag!

MARC

LEADER 00000nam a2200000 4500
001 0222046
005 20240314103528.7
020 |a 978-0-7494-7801-8 
041 0 |a eng 
044 |a GB 
245 1 0 |a Social selling  |b techniques to influence buyers and changemakers  |c Tim Hughes, Matt Reynolds 
264 1 |a London  |b Kogan Page  |c 2016 
300 |a 194 s. 
610 2 0 |a predaj 
610 2 0 |a predajcovia 
610 2 0 |a siete sociálne 
610 2 0 |a médiá sociálne 
610 2 0 |a technológie komunikačné 
610 2 0 |a organizácia 
610 2 0 |a digitalizácia 
610 2 0 |a stratégia podniková 
610 2 0 |a zákazníci 
610 2 0 |a kúpa 
610 2 0 |a informácie obchodno-ekonomické 
610 2 0 |a poradenstvo 
100 1 |a Hughes, Tim 
700 1 |a Reynolds, Matt